Paradiso /
Guardat en:
| Autor principal: | |
|---|---|
| Altres autors: | |
| Format: | Llibre |
| Idioma: | italià |
| Publicat: |
Torino :
Einaudi,
\2001!
|
| Edició: | Nuova ed. / |
| Etiquetes: |
Sense etiquetes, Sigues el primer a etiquetar aquest registre!
|
MARC
| LEADER | 00000nam a2200000 i 4500 | ||
|---|---|---|---|
| 001 | IT\ICCU\TSA\0298009 | ||
| 003 | ItRI | ||
| 005 | 20250725145736.0 | ||
| 008 | 010704s2001 it |||||| ||||| |||||c | ||
| 015 | |2 IT |a 2002-8265 | ||
| 020 | |a 8806159895 | ||
| 040 | |b ita |c ct | ||
| 041 | 7 | |a ita |2 ISO-639-2 | |
| 082 | |a 863.64 |2 21 | ||
| 100 | 1 | |a Lezama Lima, José |0 IT\ICCU\CFIV\108674 |4 aut | |
| 240 | 1 | 0 | |a Paradiso. - |9 Lezama Lima, José |
| 245 | 1 | 0 | |a Paradiso / |c José Lezama Lima ; a cura di Glauco Felici. |
| 250 | |a Nuova ed. / |b con un saggio di Mario Vargas Llosa | ||
| 260 | |a Torino : |b Einaudi, |c \2001! | ||
| 300 | |a 565 p. : |b 1 ritr. ; |c 23 cm. | ||
| 700 | 1 | |a Felici, Glauco |0 IT\ICCU\CFIV\105731 | |
| 942 | |2 ddc |c BK | ||
| 952 | |0 0 |1 0 |2 ddc |4 0 |6 B_LNR02LEZJOPAR11 |7 0 |9 8723 |a MI |b MI |d 2006-06-23 |i 5154 |l 0 |o B-LNR02-LEZJO-PAR11 |p CDOM5154 |r 2025-07-17 21:50:34 |w 2025-07-17 |x DONO |y BK | ||
| 981 | 1 | |6 z01 |a i |b xxxe | |
| 982 | 1 | |6 z01 |a n | |
| 999 | |c 7253 |d 7253 | ||